000
00204nam a2200073Ia 4500
008
170524s9999 xx 000 0 und d
100
_a
FROUZAN- BEHROUZ
245
0
_a
DATA COMMUNICATIONS & NETWORKING
260
_b
TATA MCGRAW HILL NEW DELHI
999
_c
8224
_d
8224